000 00329nam a22001337a 4500
008 210426b ||||| |||| 00| 0 eng d
041 _aeng
080 _a32
082 _a32
100 _a20
101 _aSHP
245 _aConstitution of the United States and the Declaration of Independence
_cBarners,W.R
942 _2udc
_cBK
999 _c56733
_d56733